Statistiques concernant Disney . Lettre D

Cliquez ici pour prendre le quiz!

Statistiques générales

  • Ce quiz a été pris 255 fois
  • Le résultat moyen est 13 sur 20

Statistiques - réponses

QuestionRéponse% Correct
Le nain qui dort le plusDormeur
100%
Nain qui pionce beaucoupDormeur
100%
Complétez les paroles : Libérée, ......Délivrée
99%
Elephant aux oreilles disproportionnésDumbo
99%
Fiancée de DonaldDaisy
95%
Poisson qui a la mémoire courteDory
94%
Ami de Mickey depuis 1932Dingo
88%
Metier du propriétaire de l'aquarium où se trouve NémoDentiste
83%
Raya fait équipe avec unDragon
83%
Chatte au nom bourgeois et maman de trois adorables chatonDuchesse
82%
Pongo, Patch, Lucky en sontDalmatiens
80%
Titre honorifique de Facilier, Watson, HudsonDocteur
72%
Personnage présent dans le cerveau de RileyDégout
69%
Chien qui parle et qui accompagne un vieillard et un jeune scoutDoug
53%
Chien errant au nom d'écrivain qui finit Alebrije dans " Coco"Dante
44%
L'oeil du diable est un énorme .....Diamant
44%
Tueuse de poisson dans l'univers NémoDarla
34%
Chapeau Robot machiavélique qui en veut en RobinsonDoris
12%
Docteur dans la planète au trésor qui monte l'expéditionDoppler
7%
Créature maléfique qui a transformé en pierre notamment le père de RayaDruun
6%

Distribution des résultats

Percentile par nombre de réponses

% des personnes avec chaque résultat

Votre développement - résultats

Vous n’avez pas pris ce quiz